Exposicion de la enseñanza de medicina clinica en el Real estudio erigido por S.M. / (Record no. 164479)

MARC details
000 -LEADER
campo de control de longitud fija 00770nam a22001815i 4500
001 - NÚMERO DE CONTROL
campo de control 164479
003 - IDENTIFICADOR DE NÚMERO DE CONTROL
campo de control ES-MaACL
005 - FECHA Y HORA DE LA ÚLTIMA TRANSACCIÓN
campo de control 20251015063145.0
008 - DATOS DE LONGITUD FIJA--INFORMACIÓN GENERAL
campo de control de longitud fija 990709s1802 sp |||| | spa d
040 ## - FUENTE DE CATALOGACIÓN
Centro catalogador/agencia de origen CYL
Lengua de catalogación spa
Centro/agencia transcriptor CYL
100 10 - ENTRADA PRINCIPAL--NOMBRE DE PERSONA
Nombre de persona Salvá, Francisco,
Fechas asociadas al nombre 1751-1828
9 (RLIN) 132347
245 10 - MENCIÓN DEL TÍTULO
Título Exposicion de la enseñanza de medicina clinica en el Real estudio erigido por S.M. /
Mención de responsabilidad, etc. bajo la direccion de la Real Academia Medico-Practica de Barcelona año 1801 por Francisco Salvá.
260 ## - PUBLICACIÓN, DISTRIBUCIÓN, ETC.
Lugar de publicación, distribución, etc. Barcelona :
Nombre del editor, distribuidor, etc. Heredero de Mateo Barceló,
Fecha de publicación, distribución, etc. 1802 (
Fabricante Impresor Plaza de Junqueras)
300 ## - DESCRIPCIÓN FÍSICA
Extensión [16], 195 p. ;
Dimensiones 21 cm.
650 #7 - PUNTO DE ACCESO ADICIONAL DE MATERIA--TÉRMINO DE MATERIA
Término de materia o nombre geográfico como elemento de entrada Medicina clínica
Fuente del encabezamiento o término embne
9 (RLIN) 14921
852 ## - LOCALIZACIÓN
Ubicación ES-MaACL
Número de control de estantería R-3099(1)
Nota libre -- Enc. hol.
Signatura antigua --
Encuadernación Olim: G-9619
Holdings
Estatus retirado Estado de pérdida Estado de daño No para préstamo Colección Biblioteca de origen Biblioteca actual Ubicación en estantería Fecha de adquisición Fuente de adquisición Total de préstamos Signatura topográfica completa Código de barras Visto por última vez Precio de reemplazo Tipo de ítem Koha
        Libros del s. XIX Biblioteca del Ateneo de Madrid Biblioteca del Ateneo de Madrid Depósito 17/01/2008     R-3099(1) 1172410 23/02/2023 23/02/2023 Libro impreso antiguo